000 00558nam a22001817a 4500
005 20251108164027.0
008 250721s1984 xx 000 0 ara d
082 1 4 _a322.4/لوس
100 1 _aلوسو، اميليو
245 1 0 _aنظرية الإنتفاضة /
264 1 _aبيروت :
_bالمؤسسة العربية للدراسات و النشر،
_c1984.
300 _a216ص
650 1 7 _aالمعارضة السياسية
650 1 7 _aالثورات
700 1 _aعبد الله، جوزيف
_eترجمة
942 _2ddc
_cBK
999 _c1780
_d1780